| 000 | 00754nam a2200229 i 4500 | ||
|---|---|---|---|
| 001 | 9919 | ||
| 003 | ES-MaACL | ||
| 005 | 20230906145801.0 | ||
| 007 | t| | ||
| 008 | 940510s1993 sp ||||1| spa d | ||
| 020 | _a84-454-0438-5 | ||
| 080 | _a336.252(46) | ||
| 080 | _a657:336.252 | ||
| 100 | 1 |
_aTrujillano Olazarri, Jorge. _9111561 |
|
| 245 | 1 | 0 |
_aProblemática contable y fiscal del Impuesto sobre Sociedades _b: (casos prácticos) / _cJorge Trujillano Olazarri. |
| 250 | _a2ª ed. | ||
| 260 |
_aMadrid ; _aBarcelona : _bCentro de Estudios Financieros, _cD.L. 1993. |
||
| 300 |
_a434 p. ; _c24 cm. |
||
| 504 | _aBibliografía: p. 343-345. | ||
| 650 | 4 |
_aImpuesto sobre sociedades- _xContabilidad- _zEspaña. _913631 |
|
| 852 |
_aES-MaACL _jL-17356 |
||
| 999 |
_c9919 _d9919 |
||